Missing Word: Best-Sellers of the 1990s Quiz Stats

 Plays Quiz Updated Jan 25, 2012

Support Sporcle.
Go Orange.
Score 0/20 Timer 03:00
0 Plays Today
Book Missing % Correct
The ___ UltimatumBourne
90%
The Pelican ___Brief
88.7%
The Bridges of ___ CountyMadison
85%
The ___ WhispererHorse
83.6%
The ___ of All FearsSum
78.6%
___ to ExhaleWaiting
72.5%
Cat and ___Mouse
69.5%
Like ___ for ChocolateWater
59.5%
___ MountainCold
57.7%
The ___ of ProofBurden
57.6%
Book Missing % Correct
Primary ___Colors
56.8%
___ Correct Bedtime StoriesPolitically
48.4%
Four Past ___Midnight
47.1%
The Lost ___World
46.6%
The ___ HourWitching
35.9%
The Celestine ___Prophecy
26.2%
Night ___ WaterOver
12.5%
Tara ___Road
9.8%
A Man in ___Full
7.9%
'L' Is for ___Lawless
3.8%

Today's Daily Dose

Word Ladder
ING Words

Get the Picture
Nearest Volcano

From the Vault

Click a Jim

by Cortez

You can call them James if you're feeling formal.
Remove Ads.
Support Sporcle.
Get the best of Sporcle when you Go Orange. This ad-free experience offers more features, more stats, and more fun while also helping to support Sporcle. Thank you for becoming a member.

Show Comments

Extras

Top Quizzes Today


Score Distribution

Your Account Isn't Verified!

In order to create a playlist on Sporcle, you need to verify the email address you used during registration. Go to your Sporcle Settings to finish the process.

Report this User

Report this user for behavior that violates our Community Guidelines.

Details: